| 000 | 00515nam a2200133Ia 4500 | ||
|---|---|---|---|
| 008 | 160809s9999 xx 000 0 und d | ||
| 100 | _aHenandez-Padilla, Jose Manuel. | ||
| 245 | _aPrevention and Early Management of In-Hospital Cardiac Arrest: A Challenge for Nursing Educators | ||
| 245 | _cJose Manuel Hernandez-Padilla. | ||
| 260 | _bJournal of Nursing and Care | ||
| 260 | _cJuly 2016 | ||
| 650 | _xNURSING | ||
| 856 | _uhttp://www.omicsgroup.org/journals/ArchiveJNC/currentissue-nursing-care-open-access.php | ||
| 999 |
_c300185 _d300185 |
||